000 00273nam a2200109Ia 4500
008 190216s9999||||xx |||||||||||||| ||und||
100 _aJoel J Lerner
245 0 _aBook-Keeping And Accounting
260 _bPrentice Hall Of India Pvt Ltd
_c1978
300 _a267p
942 _cBK
999 _c4773
_d4773